| 000 | 01309 a2200217 4500 | ||
|---|---|---|---|
| 020 | _a0130957259 (paperback) | ||
| 020 | _a9780130957252 (paperback) | ||
| 082 | 0 | 4 | _a338.5 |
| 090 |
_c4846 _d4846 |
||
| 100 | 1 | _aCase, Karl E. | |
| 245 | 1 | 0 |
_aPrinciples of microeconomics / _cKarl E. Case, Ray C. Fair. |
| 250 | _a5th ed. | ||
| 260 |
_a[S.l.] : _bPrentice Hall, _c1998. |
||
| 300 |
_a608 p. ; _c26 cm. |
||
| 490 | 1 | _a5th edition. | |
| 520 | _aWritten by an award-winning educator and a highly respected macroeconomist, this best-selling introduction to economics succeeds in getting students to think like economists. All points of theory are presented through "stories, graphs, and equations," a pedagogical tool that accommodates the students' varied styles of learning. Known and respected for its accuracy, economic integrity, and comprehensive coverage. A lively writing style, clear explanations, good graphs, relevant examples, and an unparalleled supplements package keep students motivated throughout the course. The new edition can be packaged with the Logal Economics Explorer at a modest cost. PHLIP supported. | ||
| 700 | 1 | _aFair, Ray C. | |
| 830 | 0 | _a5th edition. | |
| 856 | 4 | 0 |
_3Amazon.com _uhttp://www.amazon.com/exec/obidos/ASIN/0130957259/chopaconline-20 |
| 942 |
_aNBS _cBK _k338.5 CAS |
||
| 999 |
_c347277 _d347277 |
||